00454nam a2200181 a 4500001001300000003000900013005001700022008004100039020002300080082001600103100001600119245002700135260003500162300000900197500003500206505001000241650002100251nice12345678IN_TiNIC20260116013640.0050524s1995 dela grp 000 0 eng  a8174886 c37500a305.4bPRU4 aPruthi, Raj aWomen and Socialchange aDelhibAnmol Publishers c1995 a271p aincludes index and biblioraphy2 aIndex aCatacombs-Church